| 000 | 00480nam a2200169 i 4500 | ||
|---|---|---|---|
| 001 | 88017 | ||
| 003 | ES-MaACL | ||
| 005 | 20230906175803.0 | ||
| 007 | t| | ||
| 008 | 041230s1973 sp ||||1| cat d | ||
| 100 | 1 |
_aLafon, Michel. _969496 |
|
| 245 | 1 | 0 |
_aViure evangèlicament / _cMichel Lafon ; próleg de Pere Vilaplana. |
| 260 |
_aMontserrat : _bAbadía, _c1973. |
||
| 300 |
_a171 p. ; _c18 cm. |
||
| 700 | 1 |
_aVilaplana, Pere. _9114788 |
|
| 852 |
_aES-MaACL _jC-56184 _bR.88629 |
||
| 999 |
_c88017 _d88017 |
||